[Event "Valencia Real Provincial-ch"]
[Site "Ciudad Real"]
[Date "2010.04.18"]
[Round "3.13"]
[White "Sanchez Garcia Munoz, Ricardo"]
[Black "Martin Izquierdo, Eduardo"]
[Result "0-1"]
[WhiteElo "1434"]
[BlackElo "1624"]
[PlyCount "138"]
[EventDate "2010.04.11"]
[EventType "swiss"]
[EventRounds "6"]
[EventCountry "ESP"]
[SourceTitle "EXT 2024"]
[Source "ChessBase"]
[SourceDate "2023.10.10"]
[SourceVersion "1"]
[SourceVersionDate "2023.10.10"]
[SourceQuality "1"]

1. e4 e6 2. d3 d5 3. exd5 exd5 4. Nf3 Bd6 5. g3 Nf6 6. Bg2 0-0 7. 0-0 c6 8. Re1 Bg4 9. Be3 Nbd7 10. h3 Bh5 11. g4 Bg6 12. Nbd2 Qc7 13. Nf1 Ne5 14. Nxe5 Bxe5 15. c3 Rfe8 16. Qd2 Nd7 17. f4 d4 18. cxd4 Bd6 19. f5 a5 20. fxg6 Bb4 21. gxf7+ Kxf7 22. Qf2+ Kg8 23. Re2 Rf8 24. Qh4 Rae8 25. Be4 Nf6 26. a3 Bd6 27. g5 Nxe4 28. dxe4 Bf4 29. Bxf4 Rxf4 30. Qe1 Ref8 31. Ng3 Rf3 32. Rg2 Qf4 33. Rc1 Re3 34. Qf2 Qxf2+ 35. Rxf2 Rxg3+ 36. Kh2 Rd3 37. Rxf8+ Kxf8 38. Re1 Rxd4 39. Kg3 Ke7 40. Kf4 Rd2 41. b3 Rd3 42. Re3 Rd2 43. Ke5 Rg2 44. Kf4 Ke6 45. Rd3 Rf2+ 46. Ke3 Rh2 47. Kf4 Rh1 48. e5 Rf1+ 49. Ke4 Re1+ 50. Kf4 Rxe5 51. h4 Rf5+ 52. Ke4 Rd5 53. Rf3 Re5+ 54. Kf4 Rf5+ 55. Ke4 Rxf3 56. Kxf3 Kf5 57. Kg3 h6 58. gxh6 gxh6 59. h5 Kg5 60. Kh3 Kxh5 61. Kh2 Kg4 62. Kh1 Kf3 63. Kh2 Ke3 64. Kg1 Kd3 65. b4 axb4 66. axb4 Kc4 67. Kf1 Kxb4 68. Ke1 c5 69. Kd1 h5 0-1